| 000 | 00582nam a2200193 a 4500 | ||
|---|---|---|---|
| 003 | MX-MxUPN | ||
| 005 | 20230524063612.0 | ||
| 008 | 220311s1969 mx ab|||r|||| 000 0 spa d | ||
| 040 |
_aMX-MxUPN _bspa _cMX-MxUPN |
||
| 041 | 0 | _aspa | |
| 049 | _aLT | ||
| 050 | 4 |
_aLB1589 M6.6 _bS2.2 LE |
|
| 100 | 1 |
_aSalguero, Luis _943954 |
|
| 245 | 1 | 0 |
_aAritmética 6 : _bejercicios y problemas : segunda parte / _cLuis Salguero. |
| 260 |
_aMéxico, D.F. : _bProgreso, _c1969. |
||
| 300 |
_a271 p. : _bil., mapas. |
||
| 650 | 4 |
_aAritmética _xEstudio y enseñanza (Elemental) _95289 |
|
| 905 | _aLibro | ||
| 999 |
_c208260 _d208260 |
||